[Event "Magnus Carlsen Invitational 2020"]
[Site "magnuscarlsen.com"]
[Date "2020.04.24"]
[Round "4.3"]
[White "Firouzja, Alireza"]
[Black "Caruana, Fabiano"]
[Result "1-0"]
[WhiteElo "2703"]
[BlackElo "2773"]
[Annotator "TA"]
[PlyCount "125"]
[EventDate "2020.04.18"]
[EventType "tourn"]
[EventCountry "NOR"]
[SourceTitle "playchess.com"]
[Source "ChessBase"]
[SourceQuality "1"]

{[%evp 9,125,11,31,14,6,1,17,10,27,19,20,12,45,28,54,60,74,40,127,33,57,29,31,-35,28,25,40,39,33,22,13,10,3,6,41,48,39,51,66,51,70,23,30,25,30,31,30,29,25,30,25,25,50,27,37,14,12,12,20,13,60,57,59,58,62,50,64,9,4,6,19,13,15,0,4,-9,-9,-7,-13,-11,-8,-8,-8,-8,0,-10,0,-1,0,-5,0,-17,-17,-14,0,-2,0,0,0,0,0,0,0,0,0,0,30,22,25,20,106,97,214,206,291,282,810,798]} 1. d4 d5 2. c4 c6 3. Nf3 Nf6 4. Qc2 e6 5. Nbd2 c5 6. cxd5 {D30: Queen's Gambit Declined: Systems without Nc3.} cxd4 7. Nxd4 Nxd5 8. a3 {[#] The position is equal.} Be7 $146 ({Predecessor:} 8... Nb6 9. N2f3 Be7 10. e4 Bd7 11. Be3 O-O 12. Be2 Qc8 13. Qb3 Na6 14. Rc1 Nc5 {½-½ (30) Palatnik,S (2515)-Bronstein,D (2555) Moscow 1979}) 9. N2f3 O-O 10. e4 Nf6 (10... e5 $5) 11. e5 Nd5 12. Bd3 h6 13. Qe2 Nd7 {[#]} (13... Qa5+ $1 $14 14. Bd2 Bb4) 14. Qe4 (14. O-O $1 $16) 14... f5 $14 15. exf6 (15. Qe2 {feels hotter.} Nc5 16. Bc4 Na4 17. O-O Nab6 18. Bb3) 15... N7xf6 16. Qe2 (16. Qg6 $14 Qe8 17. O-O) 16... Qb6 (16... e5 $1 $15 17. Nxe5 Bd6) 17. O-O $11 Bd7 18. Bc4 Bd6 19. Rd1 Rac8 20. Ba2 Rfe8 21. h3 Qa6 22. Qxa6 bxa6 23. Bd2 e5 24. Ne2 Be6 25. Ba5 Rc2 26. Rd2 Rxd2 27. Nxd2 Nf4 28. Bxe6+ Rxe6 29. Nxf4 exf4 30. Kf1 Nd7 31. Nc4 {[#] Strongly threatening Rd1.} Be7 32. Rd1 Nb6 33. Nd2 Na4 34. b3 Nb6 35. a4 Kf7 36. Nf3 Bf6 37. Rc1 Nd5 38. Bd2 (38. Rc5 $14 Rd6 39. Bc7 Nxc7 40. Rxc7+ {[%mdl 64] Double Attack} Kg6 41. Rxa7) 38... Rb6 39. b4 g5 40. Rc4 Ke6 41. Ne1 Rd6 42. a5 Ne7 43. Nf3 Rc6 44. Re4+ Kd5 45. Re1 Rc2 46. Rd1 Kc6 47. Re1 {And now Re6+ would win.} Kd5 48. Rd1 Kc6 49. Be1 Nd5 50. Rd4 Rc1 51. Re4 Kd6 52. Ke2 Rb1 53. Kd3 Rb3+ 54. Kc4 Rb1 55. Re8 Ne7 56. Kd3 Rb3+ 57. Ke4 Rb1 58. Ra8 Nc6 59. Kf5 Bd8 (59... Ba1 $11) 60. Bc3 $16 Rc1 (60... Be7 $16 {keeps fighting.}) 61. Bg7 $18 Kc7 (61... Kd5 $142 62. Bxh6 Rc2) 62. Nd4 ({Don't do} 62. Bxh6 $6 Rf1 $16) 62... Nxb4 $2 (62... Rd1) 63. Ne6+ {[%mdl 64] Double Attack. Accuracy: White = 86%, Black = 67%.} 1-0

[Event "Magnus Carlsen Invitational 2020"]
[Site "magnuscarlsen.com"]
[Date "2020.04.24"]
[Round "4.4"]
[White "Vachier-Lagrave, Maxime"]
[Black "Carlsen, Magnus"]
[Result "1/2-1/2"]
[WhiteElo "2860"]
[BlackElo "2881"]
[Annotator "TA"]
[PlyCount "145"]
[EventDate "2020.04.18"]
[EventType "tourn"]
[EventCountry "NOR"]
[SourceTitle "playchess.com"]
[Source "ChessBase"]
[SourceQuality "1"]

{[%evp 14,145,12,18,22,20,13,16,16,16,16,16,16,18,14,8,27,16,14,9,23,34,43,0,0,0,0,0,0,0,0,0,0,0,0,0,15,0,0,0,0,0,0,-16,-16,-16,-17,-16,-17,-18,-17,-23,-23,-23,-23,-23,-23,-23,-23,-23,-23,-23,-23,-23,-29,-58,-58,-58,-58,-639,-58,-58,0,0,0,0,0,0,0,0,0,0,0,0,0,0,0,0,0,0,0,-103,-103,-103,-103,-103,0,0,0,-12851,0,-12851,-12851,-12851,0,0,0,0,0,0,0,0,0,0,0,0,0,0,0,0,0,0,0,0,0,0,0,0,0,0,0,0,0,0]} 1. d4 d5 2. c4 c6 3. Nf3 Nf6 4. Qc2 dxc4 5. Qxc4 g6 6. g3 Bg7 7. Bg2 O-O 8. O-O b5 {D78: Fianchetto Grünfeld: 6 0-0 c6.} 9. Qc2 Bf5 10. Qd1 c5 11. Nc3 {Strongly threatening Nh4.} Nc6 {[#]} 12. Nh4 $146 ({Predecessor:} 12. dxc5 b4 13. Nb5 Ne4 14. Ng5 Qa5 15. Nxe4 Qxb5 16. e3 Rfd8 17. Qc2 Rac8 18. Bd2 Qe2 19. Rad1 Ne5 20. f4 Ng4 21. Rfe1 Bxe4 22. Qxe4 Qf2+ {0-1 (22) Turov,M (2574)-Dubov,D (2690) Moscow 2019}) 12... cxd4 13. Nxf5 gxf5 14. Bxc6 Rc8 15. Nxb5 Rxc6 16. Qxd4 ({Don't blunder} 16. Nxd4 $2 Rd6 $19) 16... a6 (16... Qa5 $5 {[%cal Ra5b5]} 17. Qd3 (17. Nxa7 $2 Rc7 $19) 17... Rd8 $11) 17. Qxd8 $1 Rxd8 18. Na3 Ne4 19. Kg2 {[#]} Rxc1 $1 {[%mdl 576] Remove Defender, Decoy} 20. Raxc1 Bxb2 {[%mdl 64] Double Attack} 21. Nb1 Bxc1 22. Rxc1 $11 {[%mdl 4096] Endgame KRN-KRN} Rd4 23. f3 Nf6 24. Kf2 Ra4 25. a3 Kg7 26. Rc3 Nd5 27. Rb3 Rc4 28. Nd2 Rc2 29. Rd3 Nc3 30. f4 e6 31. Kf3 {[#]} Ne4 $1 {[%mdl 576] Decoy} 32. Nxe4 fxe4+ 33. Kxe4 Rxe2+ {[%mdl 64] Double Attack. KR-KR} 34. Kf3 Rxh2 35. Rd6 a5 36. Ra6 Rh5 37. a4 Rc5 38. Ra8 h5 39. Ra6 Kg6 40. Kg2 Kf5 41. Ra7 $2 {[%mdl 8192]} (41. Kh3 $15) 41... f6 $2 (41... Kg4 $19 42. Kf2 Rc2+ 43. Ke3 Rc3+ 44. Kd4 Rxg3 45. Rxf7 Ra3 46. Rg7+ Kxf4 47. Rf7+ Kg3 48. Rg7+ Kf2 49. Rf7+ Kg3 50. Rg7+ Kf3 51. Rf7+ Kg3) 42. Kh3 $15 Rd5 ({Better is} 42... e5 $1 $15 43. fxe5 fxe5) 43. Ra8 $11 e5 44. fxe5 $1 fxe5 45. Rh8 Kg5 46. Ra8 e4 47. Kg2 Kg4 48. Rg8+ $1 Kf5 49. Ra8 Ke5 {...Kd4 is the strong threat.} 50. Kf2 Kd4 {aiming for ...Kd3.} 51. Ke2 Rg5 52. Rd8+ {[#]} (52. Kf2 $1 $11 {was the only way to keep the balance.}) 52... Kc3 $1 $17 53. Re8 Rxg3 {Threatens to win with ...Rg4.} 54. Rxe4 Rg4 (54... Rh3 $17 55. Re5 Kb4 56. Re4+ Kb3) 55. Re5 $11 Rxa4 56. Kf3 $2 {[%mdl 8192]} (56. Rc5+ $11 Kb4 57. Rxh5) 56... Ra2 57. Kg3 $2 {[%mdl 8192]} (57. Re3+ $11 Kd4 58. Re4+ Kc5 59. Re5+ Kd4 60. Re4+ Kc3 61. Re3+ Kc4 62. Re4+ Kc3 63. Re3+) 57... a4 $19 58. Re4 {[#]} Kd3 $2 (58... h4+ $1 $19 59. Kh3 (59. Rxh4 a3) 59... a3 60. Re3+ Kd2) 59. Rf4 {The position is equal.} Ke3 60. Rf3+ Ke4 61. Rf4+ Ke5 {( -> ...Ra3+)} 62. Rb4 Ra1 {Hoping for ...a3.} 63. Kh2 a3 64. Rb3 Kd4 {White must now prevent ...h4.} 65. Rf3 Kc4 66. Rf4+ Kd3 67. Rf3+ Ke4 68. Rb3 h4 {And now ...Kd5 would win.} 69. Rc3 Ra2+ 70. Kh1 Ra1+ 71. Kh2 Ra2+ 72. Kh1 Ra1+ 73. Kh2 {Accuracy: White = 87%, Black = 90%.} 1/2-1/2

[Event "Magnus Carlsen Invitational 2020"]
[Site "magnuscarlsen.com"]
[Date "2020.04.25"]
[Round "4.4"]
[White "Nepomniachtchi, Ian"]
[Black "Nakamura, Hikaru"]
[Result "1/2-1/2"]
[WhiteElo "2778"]
[BlackElo "2829"]
[Annotator "TA"]
[PlyCount "132"]
[EventDate "2020.04.18"]
[EventType "tourn"]
[EventCountry "NOR"]
[SourceTitle "playchess.com"]
[Source "ChessBase"]
[SourceQuality "1"]

{[%evp 11,132,17,25,15,25,17,26,29,20,22,21,20,29,11,14,16,15,13,28,26,24,6,22,25,33,27,22,22,16,22,26,22,26,24,20,25,29,0,0,0,0,-8,-6,-27,-4,-7,-14,-88,-10,-156,0,0,0,0,0,-14,-9,-42,-30,-40,-10,-12,0,0,0,-31,0,0,0,-101,-116,-154,-17,-15,0,-76,0,0,0,0,0,0,0,0,0,0,0,0,0,0,0,0,0,0,0,0,0,0,0,0,0,0,0,0,0,0,0,0,0,0,0,0,0,0,0,0,0,0,0,0,0,0,0]} 1. d4 Nf6 2. c4 e6 3. Nf3 d5 4. Nc3 Be7 5. Bf4 O-O 6. e3 Nbd7 (6... c5 7. dxc5 Bxc5 8. cxd5 Nxd5 9. Nxd5 exd5 10. Bd3 Bb4+ 11. Nd2 Nc6 12. O-O Be7 13. Rc1 Qb6 14. Qc2 Nb4 15. Bxh7+ Kh8 16. Qc7 Qxc7 17. Rxc7 Bd8 18. Bd6 Bxc7 19. Bxf8 a5 20. Bb1 Be5 21. b3 Bg4 22. Bc5 Rc8 {1-0 (69) Nepomniachtchi,I (2774)-Nakamura,H (2743) Saint Louis 2019}) 7. a3 {7.Be2 is setting a new trend. D37: Queen's Gambit Declined: 5 Bf4.} c5 8. cxd5 Nxd5 9. Nxd5 {White has an edge.} exd5 10. dxc5 Nxc5 11. Be5 Bf6 12. Be2 Bf5 13. Bxf6 Qxf6 14. Qd4 Qd6 {Threatening ...Nb3.} 15. Rd1 Rfd8 {White should prevent ...Bc2.} 16. Qd2 {[#]} Nb3 $146 ({Predecessor:} 16... Qf6 17. Qb4 b6 18. O-O Bc2 19. Rd2 Be4 20. Rc1 Qg6 21. Qc3 h6 22. g3 Rac8 {1-0 (33) Paredes,C (2466)-Salvador Marques,C (2402) ICCF email 2018}) 17. Qc3 Qb6 18. Nd4 Nxd4 19. Qxd4 Qxd4 20. Rxd4 Rac8 21. g4 Rc1+ 22. Rd1 Rxd1+ 23. Bxd1 $11 {[%mdl 4096] Endgame KRB-KRB} Be6 24. f4 f5 25. gxf5 Bxf5 26. Bb3 Kf8 27. O-O d4 28. Rd1 d3 29. Kf2 (29. Rd2 $1 $11) 29... Rd6 ({Better is} 29... d2 $17 30. Rg1 g6) 30. Kf3 {[#]} (30. Bc4 $11 {keeps the balance.}) 30... Rb6 $2 (30... d2 $1 $17 31. Rg1 Rb6) 31. Bd5 Rxb2 {White must now prevent ...Bg6.} 32. e4 Bd7 33. Rxd3 Rxh2 34. Rd4 Rh3+ 35. Kf2 Rxa3 36. Bxb7 Ra2+ 37. Ke3 Ra3+ 38. Kd2 (38. Kf2 $5 {[%cal Rd4d7]} Ke7 39. Rb4 $17) 38... Ra2+ 39. Kc3 Ke7 40. Bd5 (40. Rd1 $11 {remains equal.}) 40... Ra3+ $17 41. Kd2 {[#]} Ra4 (41... h5 $1 $17 {...h4 is the strong threat.} 42. Ba8 h4) 42. Rd3 $1 $11 Be6 43. Ba8 (43. Bxe6 $11 Kxe6 44. Ke3) 43... Ra2+ ({Black should play} 43... a5 $17) 44. Ke3 {The position is equal.} Rb2 {aiming for ...Rb3.} 45. f5 Bf7 {Strongly threatening ...Rb3.} 46. Kf4 g6 47. Ra3 gxf5 48. Rxa7+ Kf8 49. exf5 Rb4+ 50. Kg5 Rb6 51. Be4 h6+ 52. Kg4 Rb4 53. Kf3 (53. Ra8+ {keeps more tension.} Kg7 54. Kf3 Kf6 55. Kf4 Bd5 56. Ra6+) 53... h5 54. Ke3 Bb3 55. Rh7 Ba2 56. Rxh5 Bb1 57. Bd5 {Intending f6 and mate.} Kg7 58. Be6 Kf6 59. Bd7 Ke5 60. Bc8 Rb3+ 61. Kf2 Rb8 62. Bd7 Rd8 63. Be6 Bxf5 64. Bxf5 Rf8 65. Ke3 Rxf5 66. Rxf5+ Kxf5 {Accuracy: White = 82%, Black = 84%.} 1/2-1/2

[Event "Magnus Carlsen Invitational 2020"]
[Site "magnuscarlsen.com"]
[Date "2020.04.24"]
[Round "4.4"]
[White "Caruana, Fabiano"]
[Black "Firouzja, Alireza"]
[Result "1-0"]
[WhiteElo "2773"]
[BlackElo "2703"]
[Annotator "TA"]
[PlyCount "79"]
[EventDate "2020.04.18"]
[EventType "tourn"]
[EventCountry "NOR"]
[SourceTitle "playchess.com"]
[Source "ChessBase"]
[SourceQuality "1"]

{[%evp 10,79,17,21,14,9,15,17,30,5,24,22,6,21,26,11,16,16,37,29,33,20,22,-27,-28,-64,-64,-75,-71,-76,-65,-69,-63,-65,-73,-137,-145,-126,-88,-136,-86,-153,-152,-142,-149,-141,-140,-150,-150,-148,-141,-141,-64,-64,-55,-62,-55,-55,-55,-55,-14,-14,0,-4,342,344,560,546,659,641,775,805]} 1. d4 Nf6 2. c4 g6 3. Nf3 Bg7 4. g3 O-O 5. Bg2 d6 6. O-O Ne4 {E60: King's Indian: Unusual lines and Fianchetto Variation without Nc3.} 7. Qc2 f5 8. Nbd2 {8.Nc3 is the modern continuation.} Nxd2 {The position is equal.} 9. Bxd2 e5 10. dxe5 dxe5 11. Bb4 {aiming for Rad1.} Re8 12. Rad1 Qf6 13. Bc3 {Black must now prevent Nxe5.} Nc6 {[#]} 14. Ne1 $146 ({Predecessor:} 14. b4 Qe7 15. b5 Nd8 16. e4 Nf7 17. Rfe1 f4 18. gxf4 exf4 19. Bxg7 Kxg7 20. Qc3+ {1-0 (32) Mikhalchishin,A (2479)-Troyke,C (2348) Katowice 2017}) 14... Qe7 15. Bd5+ Kh8 16. Nf3 Nb4 17. Qb3 Na6 {Hoping for ...c6.} 18. Ne1 (18. Bxb7 $2 Rb8 $19) 18... e4 $1 19. Bxg7+ ({Wrong is} 19. Bxb7 $2 Rb8 $19) 19... Qxg7 20. c5 $1 c6 $36 {[%mdl 2048] Black fights for an advantage.} 21. Bc4 {With the idea Bxa6.} Nxc5 22. Qa3 (22. Qe3 $142 b6 23. b4) 22... Nd7 $1 $17 23. Ng2 Ne5 24. Bb3 b6 25. Nf4 {[#]} (25. f4 $142 exf3 26. exf3) 25... g5 $1 {[%cal Rg5f4]} 26. Nh5 Qg6 27. Qd6 {Threatening Nf6.} Ba6 28. Rfe1 {intending Nf6.} Qxd6 29. Rxd6 {[#]} Rad8 $1 {[%cal Rd8d6]} 30. Rf6 Bc8 (30... Rf8 $17 {And now ...Rxf6 would win.} 31. Re6 Rde8) 31. Rd1 $15 Rxd1+ 32. Bxd1 Rd8 33. Bb3 c5 34. Bd5 c4 35. a4 Bd7 36. f4 gxf4 $2 {[%mdl 8192]} (36... exf3 $1 $11 {and Black has nothing to worry.} 37. exf3 Bxa4) 37. gxf4 $18 Ng4 $2 (37... Ng6 38. Rd6 Nf8) 38. Rd6 {White is clearly winning.} Ne3 39. Be6 Re8 40. Rxd7 {What a bad dream for Black. Accuracy: White = 79%, Black = 70%.} 1-0

[Event "Magnus Carlsen Invitational 2020"]
[Site "magnuscarlsen.com"]
[Date "2020.04.25"]
[Round "4.4"]
[White "Giri, Anish"]
[Black "Ding, Liren"]
[Result "1/2-1/2"]
[WhiteElo "2731"]
[BlackElo "2836"]
[Annotator "TA"]
[PlyCount "85"]
[EventDate "2020.04.18"]
[EventType "tourn"]
[EventCountry "NOR"]
[SourceTitle "playchess.com"]
[Source "ChessBase"]
[SourceQuality "1"]

{[%evp 21,85,15,36,37,39,0,15,4,9,6,31,5,0,0,31,27,34,0,7,0,1,-39,56,-60,-25,-102,0,0,0,0,0,0,0,0,0,-30,-29,-25,-59,-56,-22,-292,-31,-282,-279,-634,-625,-775,-587,-782,-587,-555,-191,-188,-172,-186,0,0,0,0,0,0,0,0,0,0]} 1. d4 Nf6 2. c4 e6 3. Nf3 d5 4. Nc3 c5 5. cxd5 Nxd5 6. e4 Nxc3 7. bxc3 cxd4 8. cxd4 {[%cal Bc3d4,Bd4d5][%mdl 32]} Bb4+ 9. Bd2 Bxd2+ 10. Qxd2 O-O 11. Bc4 Nd7 12. O-O {D41: Queen's Gambit Declined: Semi-Tarrasch with 5 cxd5.} b6 13. d5 Nc5 14. Rfe1 Bb7 15. Rad1 Rc8 {[#]} 16. h4 $146 ({Predecessor:} 16. dxe6 Nxe6 17. Bxe6 fxe6 18. Qxd8 Rfxd8 19. Ng5 Rxd1 20. Rxd1 h6 21. Nxe6 Bxe4 22. f3 {½-½ (42) Guo,Q (2406)-Javakhishvili,L (2463) China 2019}) 16... Qf6 17. Qe3 exd5 18. exd5 a6 19. h5 b5 20. Bf1 h6 21. Rd4 Rfd8 (21... Rcd8 $15) 22. Qd2 (22. Rf4 $14 Qb2 23. Nh4 Bxd5 24. Nf5) 22... Rd6 23. Rc1 (23. Ne5 $11) 23... Qd8 (23... Qf5 $17 {[%cal Rd6d5]} 24. Nh4 Qxh5) 24. Qb4 $11 Na4 ({Avoid the trap} 24... Rxd5 $2 25. Rxc5 $1 {[%mdl 512]} Rcxc5 26. Qxc5 $1 $18 {[%mdl 512]}) 25. Rxc8 Bxc8 26. Ne5 $1 {[%cal Re5c6]} Bb7 $36 {[%mdl 2048] Black has good play.} ({Don't blunder} 26... Rxd5 $2 27. Rxd5 Qxd5 28. Qe7 $18) 27. Bc4 $1 Qe7 28. Bb3 Qxe5 {[%mdl 64] Double Attack} 29. Re4 $1 {[%cal Re4e5]} a5 $1 {Hoping for ...Qa1+.} 30. Qe1 $1 Qxh5 {And now ...Rg6 would win.} 31. Re8+ Kh7 32. Bc2+ $2 {[%mdl 8192]} ({Only move:} 32. Qe7 $15 Rxd5 33. Qxb7) 32... f5 $19 33. Qe5 $2 (33. Re7 Bc8 34. Rxg7+ $1 {[%mdl 576] Decoy} Kxg7 35. Qe7+ Qf7 36. Qxd6) 33... Rxd5 34. Qe6 {White threatens Qg8+ and mate.} Nc5 35. Qg8+ Kg6 36. Re3 Rd1+ $2 (36... Kf6 37. Bb3 Rd1+ $1 {[%mdl 512]} 38. Bxd1 Qxd1+ 39. Kh2 Qd6+ 40. Rg3 Ne6) 37. Bxd1 Qxd1+ 38. Kh2 {[#] Strongly threatening Rg3+.} f4 $2 ({But not} 38... Qh5+ $2 39. Rh3 $18) ({Black should play} 38... Qd6+ $1 $19 39. Rg3+ Kf6 40. Qxg7+ Ke6) 39. Re7 $11 {The position is equal.} Qh5+ 40. Kg1 Qd1+ 41. Kh2 Qh5+ 42. Kg1 Qd1+ 43. Kh2 {Accuracy: White = 63%, Black = 68%.} 1/2-1/2

[Event "Magnus Carlsen Invitational 2020"]
[Site "magnuscarlsen.com"]
[Date "2020.04.25"]
[Round "4.5"]
[White "Giri, Anish"]
[Black "Ding, Liren"]
[Result "1/2-1/2"]
[WhiteElo "2731"]
[BlackElo "2836"]
[Annotator "TA"]
[PlyCount "116"]
[EventDate "2020.04.18"]
[EventType "tourn"]
[EventCountry "NOR"]
[SourceTitle "playchess.com"]
[Source "ChessBase"]
[SourceQuality "1"]

{[%evp 9,116,17,18,15,20,4,8,11,35,45,35,-6,-8,-212,-199,-227,-213,-205,-204,-173,-127,-214,-210,-209,-196,-204,-170,-178,-181,-176,-183,-180,-156,-277,-168,-164,-162,-158,-99,-154,-147,-166,-127,-153,-144,-129,0,0,0,0,0,0,5,0,0,0,0,0,0,0,0,0,0,0,12,0,0,0,0,0,0,0,0,0,0,0,0,0,0,0,0,0,0,0,0,0,0,0,6,0,6,0,0,0,0,0,0,0,0,0,0,0,0,0,0,0,0,0,0]} 1. e4 e5 2. Nf3 Nc6 3. Bb5 Nf6 4. d3 Bc5 5. Bxc6 dxc6 6. Nbd2 {[%cal Bb1d2,Bd2c4,Bc4e5][%mdl 32] C65: Ruy Lopez: Berlin Defence (3...Nf6), unusual lines and 4 0-0 Bc5.} O-O {6...Nd7 is the modern continuation. Played by Hikaru Nakamura in February 2020.} 7. Qe2 Re8 8. Nc4 b5 9. Ncxe5 Qd6 {[#]} 10. Bf4 $146 ({Predecessor:} 10. c3 Bb6 11. a4 a5 12. g3 Nd5 13. exd5 f6 14. dxc6 fxe5 15. Qe4 g6 16. O-O {½-½ (35) Evtyukhin,S (2302)-Stensen,L (2106) ICCF email 2018}) 10... Nh5 $36 {[%mdl 2048] Black has good play.} 11. g3 $2 (11. Bd2 $1 $11 {and White has nothing to worry.}) 11... Nxf4 $19 12. gxf4 f6 13. d4 Bxd4 14. Nd3 {[#]} Bf5 $1 {[%mdl 512]} 15. e5 {[#]} (15. Nd2 $17) (15. exf5 Bxb2) 15... fxe5 $1 16. fxe5 Bxd3 17. Qxd3 Bxe5 18. O-O-O Bf4+ 19. Kb1 Qxd3 20. Rxd3 Rad8 21. Rc3 (21. Rxd8 $17 {was worth a try.} Rxd8 22. h3) 21... Rd6 22. a3 Re2 23. Rf1 g5 (23... a5 $142 24. h3 Re4) 24. h3 ({White should play} 24. Rc5) 24... Kf7 25. Rc5 Kf6 26. Rg1 {[%cal Rf3g5]} h6 ({Resist} 26... Rxf2 27. Nxg5 Bxg5 28. Rgxg5 $15) 27. h4 {[#]} Rxf2 (27... gxh4 $1 $17 28. Nxh4 Kf7) 28. hxg5+ $11 {The position is equal.} hxg5 29. Nxg5 Bxg5 30. Rcxg5 $17 {[%mdl 4096] Endgame KRR-KRR} Ke6 31. Rg7 Rf7 32. Re1+ Kf6 33. Rg8 Re6 34. Rd1 Rd6 35. Rh1 (35. Rf1+ {is more complex.} Ke7 36. Rxf7+ Kxf7 37. Ra8 Rd1+ 38. Ka2) 35... a5 36. a4 bxa4 37. Rh4 Ke7 38. Rxa4 Rd5 39. Re4+ Kd7 40. Ree8 Rf1+ 41. Ka2 Rf2 42. Rd8+ Ke7 43. Rge8+ Kf7 44. Rf8+ Ke7 45. Rfe8+ Kf7 46. Rf8+ Ke7 47. Rxd5 Rxf8 48. Rxa5 $11 {KR-KR} Kd6 49. Rh5 Rf3 50. c3 c5 51. Kb3 Rf4 52. Rh6+ Kd7 53. Rh7+ Kc6 54. Rh8 Kb6 55. Rb8+ Kc6 56. Ra8 Kb6 57. Ra1 Kc6 58. Re1 Kb6 {And White is the lucky defender. Accuracy: White = 79%, Black = 89%.} 1/2-1/2

[Event "Magnus Carlsen Invitational 2020"]
[Site "magnuscarlsen.com"]
[Date "2020.04.26"]
[Round "5.1"]
[White "Vachier-Lagrave, Maxime"]
[Black "Firouzja, Alireza"]
[Result "1/2-1/2"]
[WhiteElo "2860"]
[BlackElo "2703"]
[Annotator "TA"]
[PlyCount "83"]
[EventDate "2020.04.18"]
[EventType "tourn"]
[EventCountry "NOR"]
[SourceTitle "playchess.com"]
[Source "ChessBase"]
[SourceQuality "1"]

{[%evp 20,83,-14,-20,-20,-50,-14,-15,-8,-26,0,-11,6,0,0,0,0,0,0,0,0,-15,0,0,0,0,0,0,0,0,0,0,5,5,5,5,6,6,5,4,5,6,8,13,14,6,3,0,0,0,0,0,0,0,0,0,0,0,0,0,0,0,0,0,0,0]} 1. d4 Nf6 2. c4 e6 3. Nc3 Bb4 4. Qc2 c5 5. dxc5 O-O 6. Nf3 Na6 {[%cal Bb8a6,Ba6c5,Bc5e4][%mdl 32]} 7. a3 Bxc3+ 8. Qxc3 Nxc5 9. Bg5 Nce4 10. Bxf6 Nxf6 11. g3 b6 {E39: Nimzo-Indian: Classical: 4...c5 5 dxc5 0-0.} 12. Bg2 Bb7 13. O-O Rc8 {[#]} 14. Rac1 $146 ({Predecessor:} 14. Qd4 Qc7 15. Rac1 d5 16. Ne5 Rfd8 17. Qf4 Qe7 18. cxd5 Nxd5 19. Qa4 Rc5 20. Rxc5 Qxc5 {1-0 (39) Grover,S (2532)-Karavade,E (2354) Moscow 2012}) 14... Rc7 15. Rfd1 {The position is equal.} Qe7 16. Qd2 Bxf3 17. exf3 Rfc8 18. Bf1 g6 19. Rc3 d5 {[%cal Rd5c4]} 20. cxd5 {Threatens to win with d6.} Nxd5 21. Rxc7 Rxc7 22. Bd3 Qc5 23. h4 h5 24. Be4 Nf6 25. Qh6 {White threatens Rd8+ and mate.} Rd7 (25... Qe7 {is more complex.} 26. Qe3 Nxe4 27. Qxe4 Rd7 28. Rxd7 Qxd7 29. Qe5 Qd5) 26. Rxd7 Nxd7 27. Bxg6 fxg6 28. Qxg6+ {[%mdl 64] Double Attack} Kf8 29. Qxe6 Qd4 30. Qh6+ Qg7 $132 {[%mdl 2048] Black has counterplay} 31. Qxh5 {White wants to play b4.} Qxb2 32. Qf5+ Ke7 33. h5 Nf6 34. Qg5 Qxa3 35. h6 {aiming for h7.} Qd3 36. Qg7+ Ke6 37. Qxa7 Qxf3 38. Qxb6+ Kf5 39. Qb1+ Qe4 40. g4+ {[#]} Kg6 $1 41. Qxe4+ Nxe4 {[#]} 42. h7 $1 {[%mdl 512] Not much happened in this game. Accuracy: White = 96%, Black = 92%.} 1/2-1/2

[Event "Magnus Carlsen Invitational 2020"]
[Site "magnuscarlsen.com"]
[Date "2020.04.27"]
[Round "5.1"]
[White "Nepomniachtchi, Ian"]
[Black "Ding, Liren"]
[Result "1/2-1/2"]
[WhiteElo "2778"]
[BlackElo "2836"]
[Annotator "TA"]
[PlyCount "113"]
[EventDate "2020.04.18"]
[EventType "tourn"]
[EventCountry "NOR"]
[SourceTitle "playchess.com"]
[Source "ChessBase"]
[SourceQuality "1"]

{[%evp 9,113,15,15,12,19,-1,4,0,10,-2,8,14,18,0,4,0,-6,-25,-12,-28,-30,-34,-13,-54,-45,-58,-54,-125,0,-8,4,0,-3,7,22,36,33,20,19,36,5,-27,-22,-25,-2,-28,-22,-22,-19,-33,23,26,39,27,22,18,49,38,45,43,48,39,38,5,8,8,22,0,18,0,6,8,4,0,8,8,6,8,8,0,8,0,0,0,8,8,8,8,8,8,8,8,8,0,0,0,8,8,8,8,8,8,8,8,8,8]} 1. e4 e5 2. Nf3 Nc6 3. Bb5 Nf6 4. d3 Bc5 5. Bxc6 dxc6 6. Nbd2 {[%cal Bb1d2,Bd2c4,Bc4e3,Be3f5][%mdl 32] C65: Ruy Lopez: Berlin Defence (3...Nf6), unusual lines and 4 0-0 Bc5.} (6. c3 {with more complications.} Bd6 7. O-O Nd7 8. Qc2 O-O 9. Rd1) 6... O-O {6...Nd7 is the modern continuation. Played by Hikaru Nakamura in February 2020.} 7. Qe2 Re8 8. Nc4 Nd7 9. Bd2 Bf8 10. h4 b5 11. Ne3 Nc5 12. h5 a5 {[#]} 13. g4 $146 ({Predecessor:} 13. Nh4 h6 14. Qf3 Be7 15. Nef5 Bg5 16. Be3 Ne6 17. Qg4 Kh7 18. Nf3 Bf6 19. Rd1 {½-½ (136) Boldysh,K (2408)-Mannanov,R (2399) ICCF email 2018}) 13... Ne6 14. Nf5 a4 15. a3 c5 16. Rg1 ({Reject} 16. Nxe5 Nd4 $17) 16... Nf4 17. Bxf4 exf4 18. Qd2 {[#]} c4 ({Black should play} 18... Qf6 $1 $17 {...Bxf5 is the strong threat.} 19. c3 g6 20. hxg6 fxg6 21. Nh6+ Bxh6) 19. Qxf4 $11 Ra6 20. d4 Bb7 21. e5 $1 Qd5 22. Rg3 c5 23. Ne3 Qe4 24. Qxe4 Bxe4 25. c3 cxd4 26. cxd4 f6 27. g5 Bxf3 28. Rxf3 {[%cal Re5f6]} fxe5 29. O-O-O $1 e4 (29... exd4 $15 30. Rxd4 c3) 30. Rf5 b4 31. axb4 Bxb4 32. Rb5 Bd6 33. Kb1 Rf8 34. Nxc4 Rxf2 35. Re1 Rf4 36. g6 hxg6 {The position is equal.} 37. hxg6 {Hoping for Rh1.} Rf6 38. Rg5 Bc7 39. Rc5 Rac6 40. Rxe4 Rxg6 41. Re8+ Kf7 42. Rc8 Rxc5 43. dxc5 {[%mdl 4096] Endgame KRB-KRN} Bf4 44. c6 Ke7 45. Nb6 Kd6 46. Ka2 Be5 47. Nxa4 {[#] And now b4 would win.} Rg4 48. Ka3 {aiming for b4.} Rc4 49. Nb6 Rxc6 50. Nc4+ Kd5 51. Ne3+ Kd6 52. Nc4+ Kd5 $132 {[%mdl 2048] Black puts up resistance} 53. Rxc6 Bxb2+ $1 54. Kxb2 Kxc6 55. Ne3 g5 56. Kc3 g4 57. Nxg4 {Accuracy: White = 93%, Black = 92%.} 1/2-1/2